Marvel & DC Villains - Statistics

General Stats
  • This quiz has been taken 45 times
  • The average score is 72 of 214
Answer Stats
Villain % Correct
Joker
94%
Thanos
94%
Lex Luthor
86%
Doctor Doom
83%
Green Goblin
80%
Harley Quinn
80%
Magneto
80%
Poison Ivy
77%
Red Skull
77%
Sin
77%
Venom
77%
Bane
74%
Galactus
74%
Loki
74%
Penguin
74%
Ultron
74%
Darkseid
71%
Doctor Octopus
71%
Electro
71%
Riddler
71%
Sandman
71%
Mystique
69%
Carnage
66%
Catwoman
66%
Kingpin
66%
Mr. Freeze
66%
Two-Face
66%
Deadshot
63%
Dormammu
63%
Hela
63%
Mandarin
63%
Ra's al Ghul
63%
Deathstroke
60%
Killer Croc
60%
Reverse Flash
60%
Rhino
60%
Scarecrow
60%
Vulture
60%
Whiplash
60%
Ares
57%
Iron Monger
57%
Sabretooth
57%
Taskmaster
57%
Abomination
54%
Apocalypse
54%
Captain Cold
54%
Clayface
54%
Mysterio
54%
Black Cat
51%
Bullseye
51%
Cheetah
51%
Killmonger
51%
Kraven the Hunter
51%
Mephisto
51%
Baron Zemo
49%
Brainiac
49%
Doomsday
49%
General Zod
49%
Ghost
49%
Juggernaut
49%
Lizard
49%
Man-Bat
49%
Shocker
49%
Toad
49%
Enchantress
46%
Malekith
46%
MODOK
46%
Black Adam
43%
Crossbones
43%
Gorilla Grodd
43%
Mad Hatter
43%
Pyro
43%
Sinestro
43%
Black Manta
40%
Scorpion
40%
Black Mask
37%
Blob
37%
Captain Boomerang
37%
Hobgoblin
37%
Surtur
37%
Yellowjacket
37%
Bizzaro
34%
Chameleon
34%
Executioner
34%
Hugo Strange
34%
Parasite
34%
Prowler
34%
Solomon Grundy
34%
Absorbing Man
31%
Crimson Dynamo
31%
Destroyer
31%
Ebony Maw
31%
Firefly
31%
Gorr the God Butcher
31%
Grandmaster
31%
Hush
31%
Justin Hammer
31%
Leader
31%
Ronan the Accuser
31%
Super-Skrull
31%
Tombstone
31%
Anti-Monitor
29%
Baron Mordo
29%
Calendar Man
29%
Hammerhead
29%
High Evolutionary
29%
Killer Moth
29%
Laufey
29%
Owlman
29%
Proxima Midnight
29%
Sentinel
29%
Tinkerer
29%
Vandal Savage
29%
Arnim Zola
26%
Baron Strucker
26%
Corvus Glaive
26%
Kang the Conquerer
26%
King Shark
26%
Lady Deathstrike
26%
Mister Sinister
26%
Ocean Master
26%
Silver Samurai
26%
Spot
26%
Agatha Harkness
23%
Atrocitus
23%
Ego the Living Planet
23%
Jackal
23%
Killer Frost
23%
Klaw
23%
Mole Man
23%
Sebastian Shaw
23%
Viper
23%
Wizard
23%
Aldrich Killian
20%
Condiment King
20%
Kaecilius
20%
Metallo
20%
Moonstone
20%
Nightmare
20%
Ultraman
20%
Weather Wizard
20%
Yon-Rogg
20%
Annihilus
17%
Batroc
17%
Black Dwarf
17%
Dracula
17%
Heatwave
17%
Maxwell Lord
17%
Mirror Master
17%
Mister Negative
17%
Polka-Dot Man
17%
Professor Pyg
17%
Starro
17%
The Hood
17%
Titania
17%
Toyman
17%
Trickster
17%
Ventriloquist
17%
Amazo
14%
Avalanche
14%
Bolivar Trask
14%
Boomerang
14%
Carmine Falcone
14%
Cassandra Nova
14%
Circe
14%
Despero
14%
Godspeed
14%
Lady Shiva
14%
Maximus
14%
Omega Red
14%
Talon
14%
William Stryker
14%
Alexander Pierce
11%
Atlas
11%
Black Flash
11%
Dar-Benn
11%
Flag Smasher
11%
Giganta
11%
Madame Masque
11%
Radioactive Man
11%
Savitar
11%
Victor Zsasz
11%
Wrecker
11%
Xu Wenwu
11%
Anarky
9%
Arishem the Judge
9%
Bulldozer
9%
Copperhead
9%
Dr. Psycho
9%
Grim Reaper
9%
KGBeast
9%
Mr. Mxyzptlk
9%
Thinker
9%
Thunderball
9%
Whirlwind
9%
Azazel
6%
Bloodsport
6%
Eclipso
6%
General Dreykov
6%
Great White Shark
6%
Kite Man
6%
Mastermind
6%
Maxie Zeus
6%
Piledriver
6%
Ratcatcher
6%
Red Death
6%
Tiger Shark
6%
Weasel
6%
Constrictor
3%
Cull Obsidion
3%
Dollmaker
3%
Electrocutioner
3%
Salvitore Maroni
3%
Pied Piper
0%
No matching quizzes found
Score Distribution
Percent of People with Each Score
Percentile by Number Answered
Your Score History
You have not taken this quiz